<?xml version="1.0" encoding="UTF-8"?>
<collection xmlns="http://www.loc.gov/MARC21/slim">
    <record>
        <controlfield tag="001">79762</controlfield>
        <controlfield tag="005">20201118144703.0</controlfield>
        <datafield tag="024" ind1="7" ind2=" ">
            <subfield code="2">doi</subfield>
            <subfield code="a">10.1371/journal.pone.0218117</subfield>
        </datafield>
        <datafield tag="024" ind1="8" ind2=" ">
            <subfield code="2">sideral</subfield>
            <subfield code="a">112662</subfield>
        </datafield>
        <datafield tag="037" ind1=" " ind2=" ">
            <subfield code="a">ART-2019-112662</subfield>
        </datafield>
        <datafield tag="041" ind1=" " ind2=" ">
            <subfield code="a">eng</subfield>
        </datafield>
        <datafield tag="100" ind1=" " ind2=" ">
            <subfield code="0">(orcid)0000-0002-7293-318X</subfield>
            <subfield code="a">Osma, J.</subfield>
            <subfield code="u">Universidad de Zaragoza</subfield>
        </datafield>
        <datafield tag="245" ind1=" " ind2=" ">
            <subfield code="a">What format of treatment do patients with emotional disorders prefer and why? Implications for public mental health settings and policies</subfield>
        </datafield>
        <datafield tag="260" ind1=" " ind2=" ">
            <subfield code="c">2019</subfield>
        </datafield>
        <datafield tag="506" ind1="0" ind2=" ">
            <subfield code="a">Access copy available to the general public</subfield>
            <subfield code="f">Unrestricted</subfield>
        </datafield>
        <datafield tag="520" ind1="3" ind2=" ">
            <subfield code="a">Objective We analyzed the preference of three psychological intervention formats-individual, group, and online-in a sample of 267 patients with a primary diagnosis of emotional disorder in Spanish public mental health settings. Method We studied patients'' preferences considering sociodemographic characteristics, diagnoses, history of psychological treatments, number of sessions, and satisfaction with past interventions. Results Most participants (85.4%) preferred psychological treatment in an individual format, 14.2% in group, and 0.4% online. When comparing the people who chose individual and group treatment, no demographic or clinical differences were found. The arguments against group format were the lack of privacy and expression difficulties. Regarding online format, these included being considered impersonal and ineffective. Conclusion The rejection of group and online psychotherapy formats allows us to define the actions we should carry out in public mental health settings to improve the acceptance of more cost-effective therapy formats.</subfield>
        </datafield>
        <datafield tag="536" ind1=" " ind2=" ">
            <subfield code="9">info:eu-repo/grantAgreement/ES/DGA/S31-17D</subfield>
            <subfield code="9">info:eu-repo/grantAgreement/ES/ISCIII-FIS/PI17-00320</subfield>
        </datafield>
        <datafield tag="540" ind1=" " ind2=" ">
            <subfield code="9">info:eu-repo/semantics/openAccess</subfield>
            <subfield code="a">by</subfield>
            <subfield code="u">http://creativecommons.org/licenses/by/3.0/es/</subfield>
        </datafield>
        <datafield tag="590" ind1=" " ind2=" ">
            <subfield code="a">2.74</subfield>
            <subfield code="b">2019</subfield>
        </datafield>
        <datafield tag="591" ind1=" " ind2=" ">
            <subfield code="a">MULTIDISCIPLINARY SCIENCES</subfield>
            <subfield code="b">27 / 71 = 0.38</subfield>
            <subfield code="c">2019</subfield>
            <subfield code="d">Q2</subfield>
            <subfield code="e">T2</subfield>
        </datafield>
        <datafield tag="592" ind1=" " ind2=" ">
            <subfield code="a">1.023</subfield>
            <subfield code="b">2019</subfield>
        </datafield>
        <datafield tag="593" ind1=" " ind2=" ">
            <subfield code="a">Multidisciplinary</subfield>
            <subfield code="c">2019</subfield>
            <subfield code="d">Q1</subfield>
        </datafield>
        <datafield tag="655" ind1=" " ind2="4">
            <subfield code="a">info:eu-repo/semantics/article</subfield>
            <subfield code="v">info:eu-repo/semantics/publishedVersion</subfield>
        </datafield>
        <datafield tag="700" ind1=" " ind2=" ">
            <subfield code="a">Suso-Ribera, C.</subfield>
        </datafield>
        <datafield tag="700" ind1=" " ind2=" ">
            <subfield code="0">(orcid)0000-0002-2437-1207</subfield>
            <subfield code="a">Peris-Baquero, O.</subfield>
        </datafield>
        <datafield tag="700" ind1=" " ind2=" ">
            <subfield code="0">(orcid)0000-0001-8261-058X</subfield>
            <subfield code="a">Gil-Lacruz, M.</subfield>
            <subfield code="u">Universidad de Zaragoza</subfield>
        </datafield>
        <datafield tag="700" ind1=" " ind2=" ">
            <subfield code="a">Perez-Ayerra, L.</subfield>
        </datafield>
        <datafield tag="700" ind1=" " ind2=" ">
            <subfield code="a">Ferreres-Galan, V.</subfield>
        </datafield>
        <datafield tag="700" ind1=" " ind2=" ">
            <subfield code="a">Torres-Alfosea, M.A.</subfield>
        </datafield>
        <datafield tag="700" ind1=" " ind2=" ">
            <subfield code="a">Lopez-Escriche, M.</subfield>
        </datafield>
        <datafield tag="700" ind1=" " ind2=" ">
            <subfield code="a">Dominguez, O.</subfield>
        </datafield>
        <datafield tag="710" ind1="2" ind2=" ">
            <subfield code="1">4009</subfield>
            <subfield code="2">740</subfield>
            <subfield code="a">Universidad de Zaragoza</subfield>
            <subfield code="b">Dpto. Psicología y Sociología</subfield>
            <subfield code="c">Área Psicología Social</subfield>
        </datafield>
        <datafield tag="710" ind1="2" ind2=" ">
            <subfield code="1">4009</subfield>
            <subfield code="2">680</subfield>
            <subfield code="a">Universidad de Zaragoza</subfield>
            <subfield code="b">Dpto. Psicología y Sociología</subfield>
            <subfield code="c">Área Person.Eval.Trat.Psicoló.</subfield>
        </datafield>
        <datafield tag="773" ind1=" " ind2=" ">
            <subfield code="g">14, 6 (2019), 0218117 [14 pp]</subfield>
            <subfield code="p">PLoS One</subfield>
            <subfield code="t">PloS one</subfield>
            <subfield code="x">1932-6203</subfield>
        </datafield>
        <datafield tag="856" ind1="4" ind2=" ">
            <subfield code="s">528688</subfield>
            <subfield code="u">http://zaguan.unizar.es/record/79762/files/texto_completo.pdf</subfield>
            <subfield code="y">Versión publicada</subfield>
        </datafield>
        <datafield tag="856" ind1="4" ind2=" ">
            <subfield code="s">91152</subfield>
            <subfield code="u">http://zaguan.unizar.es/record/79762/files/texto_completo.jpg?subformat=icon</subfield>
            <subfield code="x">icon</subfield>
            <subfield code="y">Versión publicada</subfield>
        </datafield>
        <datafield tag="909" ind1="C" ind2="O">
            <subfield code="o">oai:zaguan.unizar.es:79762</subfield>
            <subfield code="p">articulos</subfield>
            <subfield code="p">driver</subfield>
        </datafield>
        <datafield tag="951" ind1=" " ind2=" ">
            <subfield code="a">2020-11-18-14:42:43</subfield>
        </datafield>
        <datafield tag="980" ind1=" " ind2=" ">
            <subfield code="a">ARTICLE</subfield>
        </datafield>
    </record>

    
</collection>